| 000 | 00630nam a22001937a 4500 | ||
|---|---|---|---|
| 005 | 20251108173133.0 | ||
| 008 | 250721s2006 xx 000 0 ara d | ||
| 082 | 1 | 4 | _a615.08/ زين |
| 100 | 1 |
_aأبو زينة، عواد _eمؤلف |
|
| 245 | 1 | 0 | _aالطب البديل العلاج بالطاقة الحيوية / |
| 264 | 1 |
_aعمان : _bدار عالم الثقافة للنشر و التوزيع، _c2006. |
|
| 300 | _a144ص. | ||
| 650 | 1 | 7 | _aالطاقة الحيوية |
| 650 | 1 | 7 | _aالكتلة الحيوية |
| 650 | 1 | 7 | _aالإنسان |
| 650 | 1 | 7 | _aجسم الإنسان |
| 942 |
_2ddc _cBK |
||
| 999 |
_c96915 _d96915 |
||